Henrys by Picture - Statistics

General Stats
  • This quiz has been taken 38 times
  • The average score is 9 of 20
Answer Stats
Picture Hint Answer % Correct
Harry Potter
91%
Henry VIII
82%
Prince Harry
82%
Harry Styles
67%
Henry Cavill
67%
Henry Kissinger
58%
Harry Houdini
55%
Harry S. Truman
55%
Hank Hill
52%
Henry Winkler
52%
Hank Aaron
39%
Henry Fonda
39%
Harry Kane
36%
Hank Williams Jr.
33%
Hank Williams Sr.
33%
Hank Green
21%
Henry Ford
21%
(HINT: Ray Liotta) Henry Hill
15%
Henry Hudson
9%
Henry Clay
6%
No matching quizzes found
Score Distribution
Percent of People with Each Score
Percentile by Number Answered
Your Score History
You have not taken this quiz